000 021230131a2200253 4500
005 20140311163037.0
008 140110b xxu||||| |||| 00| 0 eng d
010 _a2009019073
020 _a9780415872218
050 _aP 96
_b.M4M46 2010
100 _aTyner, Kathleen R., edited by
245 _aMedia literacy :
_bnew agendas in communication /
_cedited by Kathleen Tyner.
260 _aNew York :
_bRoutledge,
_c2010.
300 _axii, 243 p. :
_b ill. ;
_c24 cm.
440 _aNew agendas in communication
500 _aIncludes bibliographical references and index.
520 _aContents: Introduction : new agendas for media literacy / by Kathleen Tyner -- Literacy in action : media literacy in community-based settings. Young people, new media, and participatory design : a study of cybermohalla from India / by Sanjay Asthana -- Digital pathways to learning through collaborative media production / by Kristin M. Bass & Elizabeth A. Bandy -- Views from the K-12 classroom : media literacy in formal education. Voices from the trenches : elementary school teachers speak about their experiences implementing media literacy / by Jeff Share -- Thinking inside the classroom : notes from the field / by Allison Butler -- The next generation : media literacy in higher education. Composing and reflecting : integrating digital video in teacher education / by David L. Bruce -- "Truthiness" and trust : news media literacy strategies in the digital age / by Jennifer Fleming -- A safety net? using new technologies to engage education students in controversial topics / by J. Lynn McBrien -- Beyond the classroom : media literacy in virtual environments. Media literacy 2.0 : unique characteristics of video-games / by Aaron Delwiche -- New media literacies by design : the game school / by Alice Robison -- Augmented reality gaming and game design as a new literacy practice / by James M. Mathews & Kurt D. Squire.
521 _aMC
650 _aMedia literacy
650 _aMass media
_xTechnological innovations
650 _aMass media
_xStudy and teaching
942 _cBK
_2lcc
_kFOR
999 _c39687
_d39687